The light between worlds / Laura E. Weymouth.
Five years ago, Evelyn and Philippa Hapwell cowered from air strikes in a London bomb shelter... and were transported to another realm called the Woodlands. In a forest kingdom populated by creatures out of myth and legend, they found temporary refuge. When they finally returned to London, nothing had changed -- except themselves. Overcome with longing, Ev is desperate to return no matter what it takes. Philippa is determined to find a place in this world, and moves to America to escape the memory of what was. When Evelyn goes missing, Philippa wonders if Ev truly did find a way home, or if the weight of their worlds pulled her under. -- adapted from jacket
Record details
- ISBN: 9780062696878
- ISBN: 0062696874
- Physical Description: 351 pages ; 22 cm
- Edition: First edition.
- Publisher: New York, NY : HarperTeen, an imprint of HarperCollins Publishers, [2018]
Content descriptions
| Bibliography, etc. Note: | Includes bibliographical references. |
| Language Note: | Text in English. |
Search for related items by subject
| Genre: | Fantasy fiction. Historical fiction. |
| LDR | 02497nam a2200469Ii 4500 | ||
|---|---|---|---|
| 001 | 149978 | ||
| 003 | CONS | ||
| 005 | 20190205124622.0 | ||
| 008 | 180131t20182018nyu d b 000 1 eng d | ||
| 010 | . | ‡a 2017956223 | |
| 020 | . | ‡a9780062696878 ‡q(hardcover) | |
| 020 | . | ‡a0062696874 ‡q(hardcover) | |
| 035 | . | ‡a(CPomAG)LMN610584 | |
| 043 | . | ‡ae-uk-en | |
| 050 | 1 | 4. | ‡aPZ7.1.W43759 ‡bLig 2018 |
| 082 | 0 | 4. | ‡a[Fic] ‡223 |
| 100 | 1 | . | ‡aWeymouth, Laura E., ‡eauthor. |
| 245 | 1 | 4. | ‡aThe light between worlds / ‡cLaura E. Weymouth. |
| 250 | . | ‡aFirst edition. | |
| 264 | 1. | ‡aNew York, NY : ‡bHarperTeen, an imprint of HarperCollins Publishers, ‡c[2018] | |
| 300 | . | ‡a351 pages ; ‡c22 cm | |
| 336 | . | ‡atext ‡btxt ‡2rdacontent | |
| 337 | . | ‡aunmediated ‡bn ‡2rdamedia | |
| 338 | . | ‡avolume ‡bnc ‡2rdacarrier | |
| 385 | . | ‡mAge group ‡aEarly Adolescents ‡2ericd | |
| 504 | . | ‡aIncludes bibliographical references. | |
| 520 | . | ‡aFive years ago, Evelyn and Philippa Hapwell cowered from air strikes in a London bomb shelter... and were transported to another realm called the Woodlands. In a forest kingdom populated by creatures out of myth and legend, they found temporary refuge. When they finally returned to London, nothing had changed -- except themselves. Overcome with longing, Ev is desperate to return no matter what it takes. Philippa is determined to find a place in this world, and moves to America to escape the memory of what was. When Evelyn goes missing, Philippa wonders if Ev truly did find a way home, or if the weight of their worlds pulled her under. -- adapted from jacket | |
| 546 | . | ‡aText in English. | |
| 650 | 0. | ‡aWorld War, 1939-1945 ‡zEngland ‡zLondon ‡vFiction. | |
| 650 | 0. | ‡aSisters ‡vJuvenile fiction. | |
| 650 | 0. | ‡aImaginary places ‡vJuvenile fiction. | |
| 650 | 0. | ‡aMissing persons ‡vJuvenile fiction. | |
| 650 | 0. | ‡aLoss (Psychology) ‡vJuvenile fiction. | |
| 650 | 0. | ‡aYoung adult fiction. | |
| 651 | 0. | ‡aEngland ‡vJuvenile fiction. | |
| 655 | 7. | ‡aFantasy fiction. ‡2lcgft | |
| 655 | 7. | ‡aHistorical fiction. ‡2lcgft | |
| 914 | . | ‡aSCP_LP | |
| 959 | . | ‡i32269001100414 ‡lYA Wey ‡aYoung Adult - Fiction ‡tYA Fiction ‡g18.00 | |
| 852 | . | ‡p32269001100414 ‡jYA Wey ‡jYA Wey ‡gYoung Adult - Fiction ‡gYoung Adult - Fiction ‡cYA Fiction ‡cYA Fiction ‡y18.00 ‡y18.00 ‡bSBPL | |
| 959 | . | ‡i190207000001+ ‡lYA Wey ‡aYoung Adult - Fiction ‡tYA Fiction ‡g18.00 | |
| 852 | . | ‡p190207000001+ ‡jYA Wey ‡jYA Wey ‡gYoung Adult - Fiction ‡gYoung Adult - Fiction ‡cYA Fiction ‡cYA Fiction ‡y18.00 ‡y18.00 ‡bSBPL | |
| 901 | . | ‡a149978 ‡bUnknown ‡c149978 ‡tbiblio | |